000 02241nam0a2200409 i 4500
001 RU\NLR\BIBL_A\011221915
005 20260408083138.0
010 _a9785835412747
_9800
021 _aRU
_b2016-71061
_94587
035 _a(NILC)RuMoRGB-008620516
035 _a(NLR Aleph) 011221915
090 _a12029514
_c12029514
100 _a20160930d2016 km y0rusy50 ca
101 0 _arus
102 _aRU
105 _ay|||j|||000yy
200 1 _aУголовное право России. Общая часть
_eучебник
_eучебное пособие для студентов высших учебных заведений, обучающихся по направлению "Юриспруденция" и специальности "Юриспруденция"
_f[Бакулина Л. В., к.ю.н., доц., Балафендиев А. М., Балеев С. А., к.ю.н., доц. и др.]
_gпод ред. д.ю.н., проф. Ф. Р. Сундурова и д.ю.н., проф. И. А. Тарханова
205 _a2-е изд., перераб. и доп.
210 _aМосква
_cСтатут
_d2016
215 _a862, [1] с.
_d22
225 1 _aУчебник Казанского университета
300 _aАвт. указаны на обороте тит. c.
320 _aБиблиогр. в начале гл. и в подстроч. примеч
606 1 _aУголовное право
_jУчебники для высших учебных заведений
_xОбщая часть
_yРоссийская Федерация
_92078722
_3RU\NLR\AUTH\661254586
675 _a343
686 1 _aХ628.1я73
701 1 _aБакулина
_bЛ.В.
_gЛидия Васильевна
701 1 _aБалафендиев
_bА. М.
701 1 _aБалеев
_bС. А.
_gСергей Александрович
702 1 _aСундуров
_bФ.Р.
_gФедор Романович
_4340
712 0 2 _4570
_aКазанский (Приволжский) федеральный университет
_3RU\NLR\AUTH\8810165675
_9827387
801 0 _aRU
_bРГБ
_c20160916
_gRCR
942 _cBOOK
980 _aNBR